000
00294 a2200133 4500
001
48897
040
_c
Anchieta - Bela Vista
100
_a
JONAR, Brasileiro
240
1
0
_a
Poesia da paz
_l
por
245
1
0
_a
Poesia da paz
362
0
_a
2003
650
4
_a
Literatura infanto-juvenil
942
_c
BK
999
_c
48897
_d
48897